000 00970nas a2200313 4500
001 BR2022000988
003 BR-BrBNA
005 20231205132329.0
007 ta
008 230509b bl.|||p| |||| 00| 00por d
040 _aBR-BrBNA
_bpor
_cBiblioteca Nacional de Agricultura
041 _a(En)
072 _aH60
100 1 _aShah, R.H.
100 1 _aBaloch, M.S.
100 1 _aZubair, M.
100 1 _aKhan, E.A.
245 1 _aPhytotoxic effect of aqueous extracts of different plant parts of milkweed on weeds and growth and yield of wheat
650 _aAPOCYNACEAE
650 _aFITOTOXICIDADE
650 _aEXTRATO VEGETAL
650 _aCRESCIMENTO
650 _aRENDIMENTO
650 _aTRIGO
773 0 _tPlanta Daninha (Brazil)
_xISSN 1806-9681
_g(2017), v. 35 p. 1-13
_wBR2022000988
856 4 0 _uhttps://www.scielo.br/j/pd/a/4xgw9cg445Jr9CHCYXjCsdB/?format=pdf lang=en
909 _a202311
_bLúcia
_c55
_dLúcia Elande
942 _2AGRIS
_n0
_cANA
999 _c259734
_d259734